000 00240nam a2200097Ia 4500
008 190216s9999||||xx |||||||||||||| ||und||
100 _aMahathma Gandhi
245 0 _aMalayalam-Thathwachindayum Mathavum
260 _bKerala Shaka
942 _cBK
999 _c30330
_d30330